Valparaíso, el violín de la memoria
Guardat en:
| Autor principal: | |
|---|---|
| Format: | Llibre |
| Idioma: | espanyol |
| Publicat: |
Santiago
Rial
2001
|
| Edició: | 1a. ed |
| Matèries: | |
| Etiquetes: |
Afegir etiqueta
Sense etiquetes, Sigues el primer a etiquetar aquest registre!
|
MARC
| LEADER | 00000cam a2200000 a 4500 | ||
|---|---|---|---|
| 001 | UCM0717 | ||
| 003 | CL-VaPUC | ||
| 008 | 020308e20011100CL |||||||||||||||||spa|d | ||
| 020 | |a 9562841936 | ||
| 082 | 0 | 4 | |a 983.255 |b VIA |2 21 |
| 100 | 0 | |a Vial de los Heros, Sara |e author |9 461720 | |
| 245 | 1 | 0 | |a Valparaíso, el violín de la memoria |
| 250 | |a 1a. ed | ||
| 300 | |a 359 p | ||
| 942 | |c BK | ||
| 945 | |d 20020308 00:00:00 |a vberengu | ||
| 260 | |a Santiago |b Rial |c 2001 | ||
| 500 | |a Ilustraciones del Viejo Valparaíso, sin indizar | ||
| 650 | 0 | |a Ciudades |9 265474 | |
| 650 | 0 | |a Historia local |9 266584 | |
| 650 | 0 | |a Valparaíso histórico |9 266586 | |
| 650 | 0 | |a Vida social y costumbres |9 258725 | |
| 650 | 0 | |a Iconografía |9 267998 | |
| 651 | 7 | |a CHILE |2 CL-VaPUC |9 467657 | |
| 651 | 0 | |a Valparaíso, Chile |9 261144 | |
| 583 | |a last modification |c 20131206 09:10:51 |k Rodrigo Vera | ||
| 999 | |c 299555 |d 299553 | ||
| 952 | |0 0 |1 0 |4 0 |6 983_255000000000000_VIA_2001 |7 0 |8 A |9 356211 |a FDOPOS |b FDOPOS |d 2019-11-21 |i 3789993 |o 983.255 VIA 2001 |p 3789993 |r 2025-01-22 |w 2019-11-21 |y BK |k MLH | ||
| 952 | |0 0 |1 0 |4 0 |6 983_255000000000000_VIA_2001 |7 0 |8 A |9 356212 |a BIBHIS |b BIBHIS |d 2019-11-21 |i 4056019 |o 983.255 VIA 2001 |p 4056019 |r 2025-01-20 |w 2019-11-21 |y BK |k HIS | ||
| 952 | |0 0 |1 0 |4 0 |6 983_255000000000000_VIA_2001 |7 0 |8 X |9 356213 |a FDOBUD |b FDOBUD |d 2019-11-21 |i 1078631 |o 983.255 VIA 2001 |p 1078631 |r 2019-11-21 |w 2019-11-21 |y BK_X |k BUD | ||
| 952 | |0 0 |1 0 |3 erb |4 0 |6 983_255000000000000_VIA_2001 |7 0 |8 A |9 356214 |a BIBING |b BIBING |i 5028221 |o 983.255 VIA 2001 |p 5028221 |r 2025-01-20 |w 2019-11-21 |y BK |z Catalogado en:20131213 |k GEO | ||